|
|
|
|
| LEADER |
00000nab a2200000 a 4500 |
| 001 |
vtls008879762 |
| 003 |
SK-MaSNL |
| 005 |
20260304145730.0 |
| 008 |
250505c2006 xo |||| | b 000 b|slo |
| 015 |
|
|
|a SNBRB2006/11
|2 snkbucl
|
| 035 |
|
|
|a (uuid)bc6da871-aaa7-4e32-b0db-839bfb71ee7f
|
| 035 |
|
|
|a urn:nbn:sk:snk-ab9928
|
| 035 |
|
|
|a (urnnbn)urn:nbn:sk:snk:ar-a08283
|
| 038 |
|
|
|a SNKBUCL
|
| 040 |
|
|
|a SNKBUCL
|b slo
|c SNKBUCL
|e AACR2
|
| 041 |
0 |
|
|a slo
|
| 044 |
|
|
|a xo
|c SK
|
| 080 |
|
|
|a 904:725.182
|x (437.6)
|2 1997
|
| 080 |
|
|
|a 725.182
|x (437.6)
|x "08"
|2 1997
|
| 080 |
|
|
|a 902.2
|x (437.6)
|2 1997
|
| 100 |
1 |
|
|a Švanda, Petr,
|d 1950-
|4 aut
|9 611514
|
| 245 |
1 |
0 |
|a Svätojurské hradisko
|c Petr Švanda
|
| 300 |
|
|
|b Fotogr., obr.
|
| 504 |
|
|
|a Bibliogr. odkazy
|
| 648 |
|
7 |
|a 9. stor.
|2 snkbucl
|9 282647
|
| 650 |
0 |
7 |
|a hradiská
|2 snkbucl
|9 93536
|
| 650 |
0 |
7 |
|a archeologické výskumy
|2 snkbucl
|9 74796
|
| 650 |
0 |
7 |
|a archeologické nálezy
|2 snkbucl
|9 4975
|
| 651 |
|
7 |
|a Svätý Jur (Slovensko)
|2 snkbucl
|9 59386
|
| 773 |
0 |
|
|t História
|g Roč. 6, č. 5 (2006), s. 42-43
|x 1335-8316
|
| 850 |
|
|
|a Slovenská národná knižnica
|
| 852 |
|
|
|a Slovenská národná knižnica
|
| 954 |
|
|
|a odborná, vedecká literatúra pôvodná (slovenská)
|2 lita
|
| 958 |
|
|
|a article13
|
| 958 |
|
|
|a OND
|
| 958 |
|
|
|a NB
|
| 958 |
|
|
|a SK
|
| 958 |
|
|
|a EUIPO
|
| 999 |
|
|
|c 2936628
|d 2938558
|